<?xml version="1.0" encoding="UTF-8"?>
<record
    xmlns:xsi="http://www.w3.org/2001/XMLSchema-instance"
    xsi:schemaLocation="http://www.loc.gov/MARC21/slim http://www.loc.gov/standards/marcxml/schema/MARC21slim.xsd"
    xmlns="http://www.loc.gov/MARC21/slim">

  <leader>00698naa a2200193Ia 4500</leader>
  <controlfield tag="008">200107s1993    xx            000 0 und d</controlfield>
  <datafield tag="020" ind1=" " ind2=" ">
    <subfield code="a">1-55734-249-0</subfield>
  </datafield>
  <datafield tag="082" ind1=" " ind2=" ">
    <subfield code="a">Elem. Prof. Bks K58 1993</subfield>
  </datafield>
  <datafield tag="083" ind1=" " ind2=" ">
    <subfield code="a">Elem. Prof. Bks K58 1993</subfield>
  </datafield>
  <datafield tag="099" ind1=" " ind2=" ">
    <subfield code="a">1405</subfield>
  </datafield>
  <datafield tag="100" ind1=" " ind2=" ">
    <subfield code="a">King, Jeanne</subfield>
    <subfield code="9">2945</subfield>
  </datafield>
  <datafield tag="245" ind1="1" ind2="0">
    <subfield code="a">Tide pools and coral reefs.</subfield>
  </datafield>
  <datafield tag="264" ind1=" " ind2=" ">
    <subfield code="a">Westminster, CA</subfield>
    <subfield code="b">Teacher Created Resources, </subfield>
    <subfield code="c">1993.</subfield>
  </datafield>
  <datafield tag="300" ind1=" " ind2=" ">
    <subfield code="a">80</subfield>
  </datafield>
  <datafield tag="520" ind1=" " ind2=" ">
    <subfield code="a">Designs to make children about tide pools and choral reefs through a language arts approach.</subfield>
  </datafield>
  <datafield tag="650" ind1=" " ind2=" ">
    <subfield code="a">Tide pools</subfield>
    <subfield code="x">Study and teaching (Primary) 2. Tide pools</subfield>
    <subfield code="x">Study and teaching</subfield>
    <subfield code="x">Activity programs</subfield>
    <subfield code="9">2946</subfield>
  </datafield>
  <datafield tag="700" ind1="0" ind2=" ">
    <subfield code="a">Patricia Miriana Sima</subfield>
    <subfield code="9">2947</subfield>
  </datafield>
  <datafield tag="942" ind1=" " ind2=" ">
    <subfield code="2">ddc</subfield>
    <subfield code="c">BK</subfield>
  </datafield>
  <datafield tag="999" ind1=" " ind2=" ">
    <subfield code="c">1405</subfield>
    <subfield code="d">1405</subfield>
  </datafield>
  <datafield tag="952" ind1=" " ind2=" ">
    <subfield code="0">0</subfield>
    <subfield code="1">0</subfield>
    <subfield code="2">ddc</subfield>
    <subfield code="4">0</subfield>
    <subfield code="7">0</subfield>
    <subfield code="a">FOUNDATION</subfield>
    <subfield code="b">FOUNDATION</subfield>
    <subfield code="c">FPA-HSCIRC</subfield>
    <subfield code="d">2018-03-27</subfield>
    <subfield code="e">Donated</subfield>
    <subfield code="o">Elem. Prof. Bks K58 1993</subfield>
    <subfield code="p">61053</subfield>
    <subfield code="r">2022-02-23 00:00:00</subfield>
    <subfield code="w">2022-02-23</subfield>
    <subfield code="y">BK</subfield>
  </datafield>
</record>
